| 000 | 00507cam a22001577a 4500 | ||
|---|---|---|---|
| 008 | 180718b1972 xxu||||| |||| 00| 0 eng d | ||
| 082 | _aR K9055 En19 | ||
| 245 |
_aEncyclopedia of psychology _cedited by H.J. Eysenck, W. Arnold and R. Meili |
||
| 260 |
_aLondon _bSearch Press _c1972 |
||
| 300 | _a3v. | ||
| 500 | _aContents; v.1. A to F,396p.; v.2. G to Phar, 390p.; v.3. Phas to Z, 401p. | ||
| 650 | _aPsychology - Enyclopedias | ||
| 700 | _aMeili, R. | ||
| 700 | _aArnold, W. | ||
| 700 | _aEysenck, H.J. | ||
| 999 |
_c344267 _d344267 |
||